La condición física en la educación secundaria: una propuesta de desarrollo práctico hacia la utonomía del alumnado 1§ y 2§ de ESO

Na minha lista:
Detalhes bibliográficos
Main Authors: Rueda Maza, Angel (Author), Frías Gómez, Gregorio (Author), Quintana de Diego, Ramón M (Author), Portill Lezcano, José Luis (Author)
Formato: Livro
Idioma:espanhol
Publicado em: Barcelona INDE Publicaciones 1997
Edição:1a. ed
Colecção:Cuaderno del Alumno
Assuntos:
Tags: Adicionar Tag
Sem tags, seja o primeiro a adicionar uma tag!

MARC

LEADER 00000nam a2200000 a 4500
001 UCI9413
003 CL-VaPUC
008 081120e19970000SP |||||||||||||||||spa|d
020 |a 8487330657 
082 0 4 |a 796.077  |b RUE  |2 21 
100 0 |a Rueda Maza, Angel  |e author  |9 533141 
700 0 |a Frías Gómez, Gregorio  |e author  |9 533142 
700 0 |a Quintana de Diego, Ramón M  |e author  |9 533143 
700 0 |a Portill Lezcano, José Luis  |e author  |9 533144 
245 1 3 |a La condición física en la educación secundaria: una propuesta de desarrollo práctico hacia la utonomía del alumnado 1§ y 2§ de ESO 
250 |a 1a. ed 
300 |a 100 p 
942 |c BK 
945 |d 20081120 00:00:00  |a rbrito 
260 |a Barcelona  |b INDE Publicaciones  |c 1997 
500 |a Texto corresponde a Material complementario 
650 0 |a Educación física  |9 240893 
650 0 |a Aptitud física   |9 373835 
650 0 |a Ejercicios físicos  |9 307296 
650 7 |a CONDICION FISICA  |2 CL-VaPUC  |9 373543 
583 |a last modification  |c 20081120 00:00:00  |k Rodrigo Vera 
490 0 |a Cuaderno del Alumno 
999 |c 331950  |d 331948 
952 |0 0  |1 0  |4 0  |6 796_077000000000000_RUE_1997  |7 0  |8 A  |9 419198  |a BIBEDU  |b BIBEDU  |d 2019-11-22  |i 4497406  |o 796.077 RUE 1997  |p 4497406  |r 2019-11-22  |w 2019-11-22  |y BK  |k EFI